Naturstoffchemie : Eine Einfuhrung /

Uložené v:
Podrobná bibliografia
Hlavní autori: Habermehl, Gerhard (Autor), Hammann, Peter E (Autor)
Médium: Kniha
Jazyk:German
Vydavateľské údaje: Berlin : Springer Verlag, 1992
Tagy: Pridať tag
Žiadne tagy, Buďte prvý, kto otaguje tento záznam!

MARC

LEADER 00000nam a22000003a 4500
001 stu22992
005 20150617225751.3
008 941214s1992----gw------------------ger-d
020 |a 3-540-11002-X 
040 |a STU  |b slo 
041 0 |a ger 
044 |a gw 
080 |a 547.9 
100 1 |a Habermehl, Gerhard  |4 aut 
245 1 |a Naturstoffchemie :  |b Eine Einfuhrung /  |c [aut.]Habermehl,Gerhard, Hammann,Peter E 
260 |a Berlin :  |b Springer Verlag,  |c 1992 
300 |a 682 s :  |b Tab.,grafy,lit.,index 
700 1 |a Hammann, Peter E  |4 aut 
996 |b C93395  |c C*93395  |l CCIV  |s P  |a 0  |w stu22992_0001